| 000 | 01061nam a2200289Ia 4500 | ||
|---|---|---|---|
| 999 |
_c5361 _d5361 |
||
| 003 | OSt | ||
| 005 | 20200610191938.0 | ||
| 008 | 191128s1981 ck fr 000 0 spa d | ||
| 020 | _a9684510276 | ||
| 040 |
_aCO-JMCR _cCO-JMCR |
||
| 041 | 1 |
_aspa _heng |
|
| 082 | 0 | 4 |
_a330.015195 / _bG841e2 _223 |
| 100 | 1 |
_aGujarati, Damodar, _eautor _95434 |
|
| 245 | 1 | 0 |
_aEconometría / _cDamodar Guajarati ; traducción Juan Manuel Mesa ; revisión Manuel Ramírez |
| 260 |
_aBogotá : _bMcGraw-Hill, _c1981 |
||
| 300 |
_axxii, 463 páginas ; _c23 cm. |
||
| 504 | _aBibliografía: páginas 451-455 | ||
| 505 | 0 | _aModelos de regresión uniecuacionales -- Violación de los supuestos del modelo clásico --Otros temas de econometría -- Modelos de ecuaciones simultáneas | |
| 534 | _pBasic econometrics | ||
| 546 | _aTraducido del inglés | ||
| 650 | 1 | 4 |
_aEconometría _95435 |
| 650 | 1 | 4 |
_aFinanzas _95436 |
| 650 | 1 | 4 |
_aModelo econométrico _95437 |
| 700 | 1 |
_aMesa, Juan Manuel, _etraductor _95438 |
|
| 700 | 1 |
_aRamírez, Manuel, _erevisor _95439 |
|
| 942 |
_2ddc _cBK |
||